Quizzes
Events
Quiz Creation
Community
Videos
Private Events
Remove Ads
Sign In
Join for FREE
Feedback
Dark Mode
Quiz Categories
Sports
Geography
Music
Movies
Television
Just For Fun
Miscellaneous
History
Literature
Language
Science
Gaming
Entertainment
Religion
Holiday
For Kids
Quiz Lab
Recent
Popular Today
Quiz Kudos Today
Editor Picks
Curator Picks
Quizzes by...
Day
Popularity
Type
Ratings
Length
Year
Community
Subscriptions
Recent Discussions
Orange Saloon
Badges
Playlists
Quests
Create
Leaderboards
Showdown
Live 5
Trivia Bingo
Activity
Puzzle Library
Sporcle Events
Private Events
Virtual Trivia
Globe League
Become a Host
Pub Owners
SporcleCon
Opinionation
Our Games
Videos
Blog
Mobile Apps
Partnerships
Remove Ads and Go Orange
Feedback
Sports
Athletes
MLB
NBA
NHL
NFL
Soccer
Sports Teams
WWE
NCAA
Football
Premier League
Basketball
Baseball
Hockey
Golf
Tennis
Cricket
Rugby
Auto Racing
Olympics
World Cup
Sports
Athletes
MLB
NBA
NHL
NFL
Soccer
Sports Teams
WWE
NCAA
Football
Premier League
Basketball
Baseball
Hockey
Golf
Tennis
Cricket
Rugby
Auto Racing
Olympics
World Cup
Random Quiz
Search Sporcle
×
Quiz Lab
Quiz Lab
Sports
WWE
Type in answers that appear in a list
Type in answers that appear in a list
Classic
Best Score? Go Orange.
WWE Pay-Per-View Matches in 2009 (Part 2) Stats
Can you name the WWE Pay-Per-View Matches in 2009?
By
CenaRKO09
20m
103 Questions
654 Plays
654 Plays
654 Plays
Comments
Comments
Give Quiz Kudos
Give Quiz Kudos
-
- Ratings
hide this ad
Replay
Link that replays current quiz
Next Quiz
Link to next quiz in quiz playlist
You Got
0%
They Got
Avg Score
84%
Avg Friend Score
Upgrade to see
Score Distribution
Jump to the score distribution portion of the page
Score
0/103
Timer
20:00
0
Plays Today
Pay-Per-View
Wrestler
% Correct
Hell in a Cell
The Undertaker
98.3%
Bragging Rights
The Undertaker
98.3%
Survivor Series
The Undertaker
98.3%
TLC: Tables, Ladders & Chairs
The Undertaker
98.3%
Hell in a Cell
John Cena
96.8%
Bragging Rights
John Cena
96.8%
Survivor Series
John Cena
96.8%
TLC: Tables, Ladders & Chairs
John Cena
96.8%
Hell in a Cell
Triple H
96.6%
Bragging Rights
Triple H
96.6%
Survivor Series
Triple H
96.6%
TLC: Tables, Ladders & Chairs
Triple H
96.6%
Hell in a Cell
Chris Jericho
95.9%
Bragging Rights
Chris Jericho
95.9%
Survivor Series
Chris Jericho
95.9%
TLC: Tables, Ladders & Chairs
Chris Jericho
95.9%
Hell in a Cell
The Big Show
95.6%
Bragging Rights
The Big Show
95.6%
Survivor Series
The Big Show
95.6%
TLC: Tables, Ladders & Chairs
The Big Show
95.6%
Hell in a Cell
Randy Orton
95.4%
Bragging Rights
Randy Orton
95.4%
Survivor Series
Randy Orton
95.4%
TLC: Tables, Ladders & Chairs
Randy Orton
95.4%
Hell in a Cell
CM Punk
94.6%
Hell in a Cell
Shawn Michaels
94.6%
Bragging Rights
CM Punk
94.6%
Bragging Rights
Shawn Michaels
94.6%
Survivor Series
CM Punk
94.6%
Survivor Series
Shawn Michaels
94.6%
TLC: Tables, Ladders & Chairs
Shawn Michaels
94.6%
Hell in a Cell
Batista
93.7%
Bragging Rights
Batista
93.7%
Survivor Series
Batista
93.7%
TLC: Tables, Ladders & Chairs
Batista
93.6%
Pay-Per-View
Wrestler
% Correct
Hell in a Cell
Rey Mysterio
92.4%
Bragging Rights
Rey Mysterio
92.4%
Survivor Series
Rey Mysterio
92.4%
Hell in a Cell
The Miz
90.7%
Bragging Rights
The Miz
90.7%
Survivor Series
The Miz
90.7%
Hell in a Cell
John Morrison
90.5%
Bragging Rights
John Morrison
90.5%
Survivor Series
John Morrison
90.5%
TLC: Tables, Ladders & Chairs
John Morrison
90.5%
Hell in a Cell
Cody Rhodes
89.8%
Bragging Rights
Cody Rhodes
89.8%
Survivor Series
Cody Rhodes
89.8%
Hell in a Cell
Ted DiBiase
88.5%
Survivor Series
Ted DiBiase
88.5%
Survivor Series
Christian
88.2%
TLC: Tables, Ladders & Chairs
Christian
88.2%
Hell in a Cell
Kofi Kingston
87.2%
Bragging Rights
Kane
87.2%
Bragging Rights
Kofi Kingston
87.2%
Survivor Series
Kofi Kingston
87.2%
TLC: Tables, Ladders & Chairs
Kofi Kingston
87.2%
Bragging Rights
Matt Hardy
85.3%
Survivor Series
Sheamus
85.3%
Survivor Series
Matt Hardy
85.3%
TLC: Tables, Ladders & Chairs
Sheamus
85.3%
Bragging Rights
Michelle McCool
84.1%
Survivor Series
Michelle McCool
84.1%
TLC: Tables, Ladders & Chairs
Michelle McCool
84.1%
Hell in a Cell
Mickie James
83.5%
Survivor Series
Mickie James
83.5%
TLC: Tables, Ladders & Chairs
Mickie James
83.5%
Bragging Rights
Beth Phoenix
80%
Survivor Series
Beth Phoenix
80%
Hell in a Cell
Dolph Ziggler
79.7%
Pay-Per-View
Wrestler
% Correct
Survivor Series
Dolph Ziggler
79.7%
Hell in a Cell
Jack Swagger
77.8%
Bragging Rights
Jack Swagger
77.8%
Survivor Series
Jack Swagger
77.8%
Bragging Rights
Mark Henry
77.4%
Survivor Series
Mark Henry
77.4%
Hell in a Cell
Drew McIntyre
77.2%
Survivor Series
Drew McIntyre
77.2%
TLC: Tables, Ladders & Chairs
Drew McIntyre
77.2%
Survivor Series
Shelton Benjamin
76.5%
TLC: Tables, Ladders & Chairs
Shelton Benjamin
76.5%
Hell in a Cell
R-Truth
76.1%
Bragging Rights
Melina
76.1%
Bragging Rights
R-Truth
76.1%
Survivor Series
R-Truth
76.1%
Survivor Series
Melina
76.1%
Bragging Rights
Finlay
74.3%
Survivor Series
Finlay
74.3%
Survivor Series
Layla
71.4%
Bragging Rights
Kelly Kelly
68.2%
Survivor Series
Kelly Kelly
68.2%
Survivor Series
William Regal
67.4%
Bragging Rights
David Hart Smith
66.8%
Bragging Rights
Tyson Kidd
66.2%
Survivor Series
Montel Vontavious Porter
63.8%
Bragging Rights
Gail Kim
62.2%
Survivor Series
Gail Kim
62.2%
Hell in a Cell
Alicia Fox
60.6%
Survivor Series
Alicia Fox
60.6%
Survivor Series
Evan Bourne
56%
Bragging Rights
Natalya
52.4%
Survivor Series
Jillian Hall
48.8%
Survivor Series
Eve Torres
45.3%
Quiz Playlist
Details
Report
Send in Message
Add To Playlist
Classic:
Type in answers that appear in a list
Last Updated: Jan 25, 2019
Quiz Scoreboard
CHALLENGE
Sign Up to Join the Scoreboard
Show All
Scores
Hide
Comments
May contain spoilers
Recently Published
9x9 Crossword: Cartoon Network
by jackfrog10
Miscellaneous
3m
College Basketball Coaching Resumes
by pancakes188
Sports
9m
Billboard Blitz: Fleetwood Mac
by CooCooCachoo
Music
15s
More to Explore
Quiz From the Vault
Featured Blog Post
Where Did the Easter Bunny Come From?
hide this ad
You Might Also Like...
Tags
WWE Quiz
2009
Matching
Pay-per-view
Wrestlers
Today's Top Quizzes in Sports
Browse Sports
hide this ad
Today's Top Quizzes in WWE
Browse WWE
Top Contributed Quizzes in Sports
1
2022 World Cup Stars
2
Les meilleurs buteurs des matchs entre le PSG et l’OM
3
FIFA Club World Cup Champions
4
Les entraîneurs de l'OM et du PSG au 21e siècle
5
Criteria MLB: Left Handed Sluggers
6
AFC Teams Reveal (Wrong Answers Minefield)
7
2023 MLB Unique Player Accomplishments
8
5-to-1: FBS Animal Nicknames
9
Players with Multiple 50 Home Run Seasons
10
5-to-1: UK Sports Teams
Explore More
Trending Topics
NBA
Marvel
Crossword
Disney
Anime
Kpop
Harry Potter
Country
Soccer
NFL
WWE
Song
Puzzle
Pokémon
The Office
hide this ad
More By:
CenaRKO09
Quiz
Plays
Rating
Category
Featured
Created
WWF Pay-Per-View Matches in 2001 (Part 1)
1,322
2.88
Sports
Dec 17, 2009
WWF Pay-Per-View Matches in 2000 (Part 1)
1,026
2.00
Sports
Dec 17, 2009
WWE Pay-Per-View Matches in 2002 (Part 2)
729
3.25
Sports
Dec 18, 2009
WWE Pay-Per-View Matches in 2003 (Part 1)
724
2.50
Sports
Dec 18, 2009
WWE Pay-Per-View Matches in 2009 (Part 1)
717
3.40
Sports
Feb 15, 2010
Go to Creator's Profile
Score Distribution
Quiz Creator Spotlight
CenaRKO09
Follow
Send a Message
Quizzes Created
-
Created Quiz Play Count
-
More By This Creator
Popular Quizzes Today
1
Find the US States - No Outlines Minefield
2
Find the Countries of Europe - No Outlines Minefield
3
The Countries of the World
4
Find the US States
5
Risky Map Clicking: Biggest States A-Z
6
US States
7
Popular People in 1961
8
Movies - When Are They Set?
More Sports Quizzes
ODI Runs Battle
Quiz Lab
Trending Quizzes
Risky Map Clicking: Least Populous States A-Z
1-10 Letter G Words
1-10 Letter F Words
Risky Map Clicking: Next State Alphabetically
Adjectives in 80s TV Shows
Recently Updated
Leaping Animals
pecheneg
Reality TV Shows (A-Z)
bhenderson79
Rickey Henderson's Hall of Fame Teammates
pecheneg
Champions League XIs: Arsenal
pecheneg
Quick Pick: Celebrities in WWE's Hall of Fame
aduchscher
A-Z Keypad Blitz II
pecheneg
Multiple Oscar Actors
pecheneg
Mystery Phrase Blitz: Oscar 'Best Actors'
pecheneg
F. Scott Fitzgerald Novels
LTH
Pick 3 Villains
ddd62291
Trending Topics
Kpop
Crossword
Disney
Anime
Marvel
Harry Potter
NBA
WWE
The Office
Country
Puzzle
Song
NFL
Pokémon
Soccer
Your Account Isn't Verified!
In order to create a playlist on Sporcle, you need to verify the email address you used during registration. Go to your
Sporcle Settings
to finish the process.
Report this User
Report this user for behavior that violates our
Community Guidelines
.
Details:
Send Report
Go to the Sporcle.com Mobile Site →
Comments